000 00546nam a2200193Ia 4500
005 20250508160317.0
008 008 250505s9999 xx 000 0 eng d
037 _aTextual
040 _aFEDL
_beng
_cFEDL
041 _aeng
_2eng
084 _a574, NCE
_qFEDL
100 _aPunchanan Maheswari
245 0 _aJeev vigiyan. Part 4
245 0 _cNCERT
260 _aNew Delhi, India
_bNational Council of Educational Research and Training
_c1971
300 _axii,583p.
942 _cTEXL
_h574, NCE
999 _c1363554
_d1363554